[Event "Tocancipa 1st"]
[Site "Tocancipa"]
[Date "2015.09.25"]
[Round "6"]
[White "Torres Rojas, Yuber Andres"]
[Black "Torres, Jose Leonardo"]
[Result "1-0"]
[WhiteElo "2097"]
[BlackElo "1938"]
[PlyCount "61"]
[EventDate "2015.09.18"]
[EventType "tourn"]
[EventRounds "10"]
[EventCountry "COL"]
[SourceTitle "EXT 2018"]
[Source "ChessBase"]
[SourceDate "2017.10.13"]
[SourceVersion "1"]
[SourceVersionDate "2017.10.13"]
[SourceQuality "1"]

1. e4 d5 2. exd5 Qxd5 3. Nc3 Qd8 4. d4 Nf6 5. Bf4 c6 6. Nf3 Bg4 7. h3 Bh5 8. g4 Bg6 9. Ne5 e6 10. h4 Bb4 11. h5 Be4 12. f3 Bd5 13. a3 Bxc3+ 14. bxc3 Nbd7 15. c4 Nxe5 16. dxe5 Qa5+ 17. Bd2 Qc7 18. cxd5 Qxe5+ 19. Kf2 0-0-0 20. Qe1 Qxd5 21. Bd3 e5 22. Bf5+ Kb8 23. Rd1 Qc5+ 24. Qe3 Qe7 25. Bc3 e4 26. Bxe4 Rhe8 27. Qf4+ Ka8 28. Bxf6 gxf6 29. Rhe1 Qc5+ 30. Kg2 Qxa3 31. Qc7 1-0

[Event "Tocancipa 1st"]
[Site "Tocancipa"]
[Date "2015.09.18"]
[Round "1"]
[White "Torres, Jose Leonardo"]
[Black "Torres Rojas, Yuber Andres"]
[Result "0-1"]
[WhiteElo "1938"]
[BlackElo "2097"]
[PlyCount "43"]
[EventDate "2015.09.18"]
[EventType "tourn"]
[EventRounds "10"]
[EventCountry "COL"]
[SourceTitle "EXT 2018"]
[Source "ChessBase"]
[SourceDate "2017.10.13"]
[SourceVersion "1"]
[SourceVersionDate "2017.10.13"]
[SourceQuality "1"]

1. e4 e5 2. d4 exd4 3. Qxd4 Nc6 4. Qe3 Nf6 5. Bd2 b6 6. Nc3 Bc5 7. Qg3 0-0 8. Bh6 Nh5 9. Qg5 Qf6 10. Qxf6 Nxf6 11. Bf4 Re8 12. f3 d5 13. Bxc7 dxe4 14. 0-0-0 Bb7 15. fxe4 Ng4 16. Nh3 Ne3 17. Rd7 Bc8 18. Rd2 Nxf1 19. Rxf1 Bxh3 20. gxh3 Be3 21. Bf4 Bxd2+ 22. Bxd2 0-1

[Event "Bogota II IRT Sabana"]
[Site "Bogota"]
[Date "2013.09.20"]
[Round "3.3"]
[White "Torres, Jose Leonardo"]
[Black "Parra, Diego Alexander"]
[Result "1/2-1/2"]
[WhiteElo "1915"]
[BlackElo "1912"]
[PlyCount "52"]
[EventDate "2013.09.19"]
[EventType "tourn"]
[EventRounds "10"]
[EventCountry "COL"]
[SourceTitle "EXT 2024"]
[Source "ChessBase"]
[SourceDate "2023.10.10"]
[SourceVersion "1"]
[SourceVersionDate "2023.10.10"]
[SourceQuality "1"]

1. e4 c5 2. Nf3 Nc6 3. d4 cxd4 4. Nxd4 g6 5. Be3 Bg7 6. Qd2 Nf6 7. f3 0-0 8. Nc3 d5 9. exd5 Nxd5 10. Nxd5 Qxd5 11. c3 Nxd4 12. Bxd4 Bxd4 13. Qxd4 Qxd4 14. cxd4 Rd8 15. Rd1 Be6 16. b3 Rac8 17. Rd2 Rc1+ 18. Kf2 Kg7 19. Rg1 Rdc8 20. Bd3 Rxg1 21. Kxg1 Bd5 22. Be4 Rd8 23. Kf2 f5 24. Bxd5 Rxd5 25. f4 Rd7 26. Ke3 Rc7 1/2-1/2

[Event "COL-ch"]
[Site "Ibague"]
[Date "2013.07.03"]
[Round "4"]
[White "Conti, Julian"]
[Black "Torres, Jose Leonardo"]
[Result "1-0"]
[WhiteElo "2034"]
[BlackElo "1787"]
[PlyCount "61"]
[EventDate "2013.07.01"]
[EventType "swiss"]
[EventRounds "11"]
[EventCountry "COL"]
[SourceTitle "EXT 2014"]
[Source "ChessBase"]
[SourceDate "2013.11.20"]
[SourceVersion "1"]
[SourceVersionDate "2013.11.20"]
[SourceQuality "1"]

1. e4 c5 2. Nf3 d6 3. d4 cxd4 4. Nxd4 Nf6 5. Nc3 g6 6. Be3 Bg7 7. f3 0-0 8. Bc4 Nc6 9. Bb3 Bd7 10. Qd2 a6 11. g4 Na5 12. h4 h5 13. gxh5 Nxh5 14. 0-0-0 b5 15. Rdg1 Nc4 16. Bxc4 bxc4 17. Bh6 Rb8 18. Bxg7 Kxg7 19. Rg5 Qb6 20. Nd1 Rh8 21. c3 a5 22. Ne3 Qa6 23. f4 Kf8 24. f5 Nf4 25. fxg6 Nd3+ 26. Qxd3 cxd3 27. g7+ Kg8 28. gxh8Q+ Kxh8 29. Rh5+ Kg7 30. Rg1+ Kf6 31. Nd5# 1-0

[Event "COL-ch"]
[Site "Ibague"]
[Date "2013.07.02"]
[Round "2"]
[White "Agudelo, Carlos Hernan"]
[Black "Torres, Jose Leonardo"]
[Result "1-0"]
[WhiteElo "2065"]
[BlackElo "1787"]
[PlyCount "93"]
[EventDate "2013.07.01"]
[EventType "swiss"]
[EventRounds "11"]
[EventCountry "COL"]
[SourceTitle "EXT 2014"]
[Source "ChessBase"]
[SourceDate "2013.11.20"]
[SourceVersion "1"]
[SourceVersionDate "2013.11.20"]
[SourceQuality "1"]

1. c3 e5 2. g3 d5 3. Bg2 Be6 4. d3 Nd7 5. Nf3 Bd6 6. Ng5 Ngf6 7. Nxe6 fxe6 8. 0-0 0-0 9. Nd2 Qe7 10. e4 c6 11. Qe2 h6 12. f4 Nh7 13. fxe5 Nxe5 14. d4 Ng6 15. e5 Bc7 16. Qg4 Rxf1+ 17. Nxf1 Qf7 18. Bh3 Re8 19. Be3 Bb6 20. Nd2 Nxe5 21. Qe2 Nd7 22. Rf1 Nhf6 23. Nf3 Qe7 24. Nh4 e5 25. Nf5 Qd8 26. Nxh6+ gxh6 27. Bxd7 Nxd7 28. Qg4+ Kh8 29. Rf7 Rg8 30. Qe6 Qh4 31. Qxd7 Qe4 32. Bxh6 exd4 33. Qh3 Qe1+ 34. Kg2 Qe2+ 35. Kg1 Qe1+ 36. Kg2 Qe4+ 37. Rf3 Qh7 38. Qh5 Qg6 39. Qe5+ Kh7 40. Qe7+ Kh8 41. Qh4 Bd8 42. Bg5+ Kg7 43. Bxd8 Rf8 44. Qe7+ Rf7 45. Qxf7+ Qxf7 46. Rxf7+ Kxf7 47. cxd4 1-0

[Event "Sopo op"]
[Site "Sopo"]
[Date "2013.04.28"]
[Round "5"]
[White "Torres, Jose Leonardo"]
[Black "Sosa Florez, Juan Sebastian"]
[Result "1-0"]
[WhiteElo "1747"]
[BlackElo "1641"]
[PlyCount "77"]
[EventDate "2013.04.26"]
[EventType "swiss"]
[EventRounds "5"]
[EventCountry "COL"]
[SourceTitle "CBM 154 Extra"]
[Source "ChessBase"]
[SourceDate "2013.06.25"]
[SourceVersion "2"]
[SourceVersionDate "2013.06.25"]
[SourceQuality "1"]

1. e4 c6 2. d4 d5 3. exd5 cxd5 4. Bd3 Nf6 5. Be3 Bg4 6. Ne2 e6 7. 0-0 Nc6 8. c3 Bd6 9. f3 Bh5 10. Qc1 Rc8 11. Nd2 Bg6 12. Bb1 Ne7 13. Re1 Qc7 14. Nf1 0-0 15. Neg3 Bxb1 16. Qxb1 Ng6 17. Bg5 Nd7 18. Qc1 Bf4 19. Bxf4 Nxf4 20. Qd2 Nb6 21. b3 Ng6 22. Rac1 Qd6 23. Rc2 Rc7 24. Ne2 Rfc8 25. g3 Nd7 26. Ne3 b5 27. Rec1 Nb6 28. Qd3 a6 29. Kf2 e5 30. h4 exd4 31. Qxd4 Ne7 32. h5 h6 33. Rd2 f6 34. Rdc2 Nc6 35. Qxb6 Rb8 36. Nf5 Qd7 37. Nxh6+ gxh6 38. Qe3 Qf5 39. Nf4 1-0